000
00227nam a2200085Ia 4500
008
120527s9999 xx 000 0 und d
100
_a
DUNAWAY,Steven.et al
245
_a
Private market financing for develop countries
942
_c
BK
999
_c
25377
_d
25377